The model houses for families (Record no. 114376)
[ view plain ]
| 000 -LEADER | |
|---|---|
| fixed length control field | 01308cam a22002055a 4500 |
| 001 - CONTROL NUMBER | |
| control field | L156708 |
| 008 - FIXED-LENGTH DATA ELEMENTS--GENERAL INFORMATION | |
| fixed length control field | 120627s1851 xxk f 000 0 eng d |
| 035 ## - SYSTEM CONTROL NUMBER | |
| System control number | (Sirsi) u156708 |
| 041 0# - LANGUAGE CODE | |
| Language code of text/sound track or separate title | eng |
| 100 1# - MAIN ENTRY--PERSONAL NAME | |
| Personal name | Roberts, Henry |
| Dates associated with a name | 1803-1876 |
| 240 ## - UNIFORM TITLE | |
| Uniform title | Prince Albert's model houses for families |
| 245 04 - TITLE STATEMENT | |
| Title | The model houses for families |
| Remainder of title | built in connexion with the Great Exhibition of 1851 by command of His Royal Highness, the Prince Albert, K.G. ... |
| Statement of responsibility, etc. | by Henry Roberts |
| 260 ## - PUBLICATION, DISTRIBUTION, ETC. | |
| Place of publication, distribution, etc. | London |
| Name of publisher, distributor, etc. | by request ... and for the benefit of the Society for Improving the Condition of the Labouring Classes |
| -- | Seeleys |
| Date of publication, distribution, etc. | [1851?] |
| 300 ## - PHYSICAL DESCRIPTION | |
| Extent | 32 p., [13] leaves of plates |
| Other physical details | ill., plans |
| Dimensions | 28 cm. |
| 520 ## - SUMMARY, ETC. | |
| Summary, etc. | The model houses for four families were erected at the Cavalry Barracks, Hyde Park as part of the Great Exhibition of 1851. Includes specification of the work and detailed estimates of cost. 1 monochrome lithograph of the model houses opposite title page; printed by Day & Son. 12 leaves of woodcut plans. 2 p. of publisher's advertisements at back. Published by the Society for Improving the Condition of the Labouring Classes, no. 21 Exeter Hall, London. |
| 583 ## - ACTION NOTE | |
| Action | Condition reviewed |
| Time/date of action | 20120620 |
| Status | condition level 4 |
| 651 #4 - SUBJECT ADDED ENTRY--GEOGRAPHIC NAME | |
| Geographic name | Great Britain |
| Chronological subdivision | 1707- |
| 690 ## - LOCAL SUBJECT ADDED ENTRY--TOPICAL TERM (OCLC, RLIN) | |
| Topical term or geographic name as entry element | Residential property |
| 9 (RLIN) | 6266 |
| 942 ## - ADDED ENTRY ELEMENTS (KOHA) | |
| Suppress in OPAC | 0 |
| Withdrawn status | Lost status | Source of classification or shelving scheme | Damaged status | Not for loan | Home library | Current library | Shelving location | Date acquired | Total Checkouts | Full call number | Barcode | Date last seen | Copy number | Price effective from | Koha item type |
|---|---|---|---|---|---|---|---|---|---|---|---|---|---|---|---|
| Dewey Decimal Classification | Historic collection | Historic collection | Historic collection | 27/06/2012 | QUARTO 1851 ROBERTS | 30078137 | 06/08/2019 | 1 | 06/08/2019 | Book |